000 00664cam8a220020500 4500
001 qcf00154929
005 20190830103823.0
008 740220s1968 po por u
035 _a(Sirsi) r25384
035 _a(QCAT)lss00532429
035 _a(UPRA)qcf00154929
040 _dUPRA
110 2 _aMuseu de Etnologia do Ultramar (Portugal)
_6A88757.1
245 1 0 _aEscultura africana no Museu de Etnologia do Ultramar.
260 _aLisboa :
_bJunta de Investigacoes do Ultramar,
_c1968.
504 _aIncludes bibliographical references.
650 0 _aSculpture, African.
_6S3741.1
949 _aNB1080
_wlcc
_i-25500
_mMAIN
_tBOOK
_lON-SHELF
004 25384
999 _c184935
_d184935